| 000 | 00799nam a22002177a 4500 | ||
|---|---|---|---|
| 005 | 20251108164801.0 | ||
| 008 | 250721s1994 xx 000 0 ara d | ||
| 082 | 1 | 4 | _a296.8/شري |
| 100 | 1 | _aالشريده، محمد حافظ | |
| 245 | 1 | 0 |
_aالطائفة السامرية : _bتاريخها - عقيدتها - شريعتها - عاداتها - واقعها المعاصر: عرض و دراسة / |
| 264 | 1 |
_aنابلس : _bالمؤلفون، _c1994. |
|
| 300 | _a141ص. : ملاحق | ||
| 490 | 0 | _aدراسات في الملل والنحل | |
| 650 | 1 | 7 | _aاليهود |
| 650 | 1 | 7 | _aالسامريون |
| 650 | 1 | 7 | _aالفرق الدينية |
| 650 | 1 | 7 | _aالطوائف اليهودية |
| 700 | 1 | _aغوراني، عمر عبد الخالق | |
| 942 |
_2ddc _cBK |
||
| 999 |
_c14291 _d14291 |
||